00578nam a22001697a 4500999001700000003000400017008004100021082001600062100002300078245003700101250001100138260003600149300000700185650001400192942001200206952019000218 c10967d10967OSt210814b ||||| |||| 00| 0 eng d a891.23bMAPG aMAHODAYA, Kamayani aPanchatantra: Aparikshitakarakam aNew Ed aVaranasibChowkhamba Pub.c2013 a84 aReligious 2ddccBK 00102ddc40708GENERALaPIETbPIETd2021-09-22eShree Radhe Dharmik Pustak BhandarfIN Rupeesg75.00k1042l0o891.23 MAPp33241r2021-09-29 00:00:00v67.50w2021-09-22yBKzReligious